GUIDELINES AND SCREENING METHODS OF PHARMACOLOGY (Record no. 34450)

MARC details
000 -LEADER
fixed length control field 00314nam a22001337a 4500
003 - CONTROL NUMBER IDENTIFIER
control field SGT
020 ## - INTERNATIONAL STANDARD BOOK NUMBER
International Standard Book Number 9789389354522
082 ## - DEWEY DECIMAL CLASSIFICATION NUMBER
Classification number 615
Item number BOD
100 ## - MAIN ENTRY--PERSONAL NAME
Personal name BODAKHE SURENDRA H
245 ## - TITLE STATEMENT
Title GUIDELINES AND SCREENING METHODS OF PHARMACOLOGY
260 ## - PUBLICATION, DISTRIBUTION, ETC. (IMPRINT)
Place of publication, distribution, etc INDIA
Name of publisher, distributor, etc PHARMA MED
Year of Publication 2026
300 ## - PAGE DESCRIPTION
No. of Pages 209
942 ## - ADDED ENTRY ELEMENTS (KOHA)
Source of classification or shelving scheme Dewey Decimal Classification
Koha item type Books
Holdings
Withdrawn status Lost status Source of classification or shelving scheme Damaged status Not for loan Collection code Home library Current library Shelving location Date acquired Vendor Name Cost, normal purchase price SGTU Bill Number Total Checkouts Full call number Accession No. (Barcode) Date last seen Bill Date Koha item type
    Dewey Decimal Classification     SCIENCE SGT Science & Social Sciences Library SGT Science & Social Sciences Library Text Book 26/03/2026 ABC 325.00 SGTU 22597   615 BOD DP1941 26/03/2026 09/03/2026 Books
    Dewey Decimal Classification     SCIENCE SGT Science & Social Sciences Library SGT Science & Social Sciences Library Text Book 26/03/2026 ABC 325.00 SGTU 22597   615 BOD DP1942 26/03/2026 09/03/2026 Books